Segunda parte, de la vida de Christo señor nuestro, que trata de sus milagros

Detalles Bibliográficos
Autor principal: FONSECA, Cristóbal de
Formato: Libro
Publicado: Lisboa 1602
Materias:
Colección:Banco de datos
Acervo:Biblioteca del Ex Convento de Nuestra Señora de Guadalupe. Zacatecas
Tema general:Hagiografía
Notas:Regular. V,5,10(1494). La portada presenta un ex libris manuscrito. Col. de misioneros adoradores de la santa cruz, propaganda Fide de Gpe., Zac. y otra marca del Conv. de San Francisco
LEADER 00860nam a22001930004500
035 |a 41131 
036 |a 2315 
100 1 |a FONSECA, Cristóbal de 
245 1 0 |a Segunda parte, de la vida de Christo señor nuestro, que trata de sus milagros 
260 |a Lisboa  |b imp. Antonio Alvares  |c 1602 
500 |a Regular. V,5,10(1494). La portada presenta un ex libris manuscrito. Col. de misioneros adoradores de la santa cruz, propaganda Fide de Gpe., Zac. y otra marca del Conv. de San Francisco 
650 1 0 |a Hagiografía 
949 |a CRZ-CG 
959 |a Ex convento de Nuestra Señora de Guadalupe, Museo Regional de Zacatecas, Zacatecas  |b CCC4 
960 |a Convento de Nuestra Señora de Guadalupe, Zacatecas  |b DD87 
961 |a Franciscana  |b OF 
942 |c CRZ-CG 
943 |g Biblioteca del Ex Convento de Nuestra Señora de Guadalupe. Zacatecas 
999 |c 965258  |d 965258